[Event "PRO League Group Stage"]
[Site "chess.com INT"]
[Date "2020.01.23"]
[Round "3"]
[White "Rambaldi, Francesco"]
[Black "Plenca, Jadranko"]
[Result "1-0"]
[WhiteTitle "GM"]
[BlackTitle "IM"]
[WhiteElo "2570"]
[BlackElo "2463"]
[WhiteTeam "Turkey Knights"]
[BlackTeam "Croatia Bulldogs"]
[WhiteFideId "20657307"]
[BlackFideId "14527146"]
[EventDate "2020.01.06"]

1. Nf3 d5 2. g3 g6 3. Bg2 Bg7 4. d4 Nf6 5. O-O Nbd7 6. a4 O-O 7. a5 c5 8. c3 Re8
9. Bf4 Nh5 10. Be3 c4 11. Ne5 Nb8 12. Nd2 f6 13. Nef3 Nc6 14. b3 cxb3 15. Nxb3
e5 16. dxe5 fxe5 17. Bg5 Nf6 18. Ne1 Be6 19. Nc5 Bf7 20. Nxb7 Qe7 21. a6 e4 22.
Nc2 Rac8 23. Ne3 Qe5 24. Bf4 Qxc3 25. Rc1 Qa3 26. Nd6 Qxa6 27. Nxc8 Rxc8 28. Bg5
Rd8 29. Bxf6 Bxf6 30. Ng4 Bg7 31. Qd2 Nd4 32. Rfe1 Nf5 33. Bxe4 Nd4 34. Bd3 Qe6
35. Nh6+ Kh8 36. Nxf7+ Qxf7 37. Qf4 Qxf4 38. gxf4 a5 39. Rc5 Nb3 40. Rc7 Ra8 41.
Bb5 Bh6 42. Ba4 Nd4 43. Rd7 Re8 44. Rxd5 Rxe2 45. Rxe2 Nxe2+ 46. Kf1 Nxf4 47.
Rxa5 Bf8 48. Ra7 Bc5 49. Rc7 Bb6 50. Rb7 Bc5 51. Bb3 Nd3 52. f3 Ne5 53. Bd5 Nd3
54. Be4 Nf4 55. Rc7 Bb6 56. Rf7 Be3 57. Rb7 Kg8 58. Rb3 Bd4 59. Rb7 Be3 60. Ke1
Kh8 61. Kd1 Bg1 62. Rb2 Nh3 63. Ke1 Nf4 64. Rc2 Kg7 65. Kf1 Bd4 66. Rc7+ Kh6 67.
Bc2 Be5 68. Re7 Bd6 69. Rd7 Be5 70. Bb3 Nh5 71. Kg1 Bg7 72. Rb7 Kg5 73. Bg8 h6
74. Bf7 Be5 75. Rb6 Nf4 76. Kf1 h5 77. Ra6 h4 78. Be8 h3 79. Bd7 Kh4 80. Ra8 Nh5
81. Ra4+ Nf4 82. Re4 Bd6 83. Rd4 Be5 84. Re4 Bd6 85. Bg4 Kg5 86. Re8 Kh4 87.
Rh8+ Kg5 88. Bxh3 Be5 89. Rh7 Nd5 90. Bc8 Kf4 91. Bb7 Ne3+ 92. Ke2 Nf5 93. Rf7
Kg5 94. Be4 Bxh2 95. Bxf5 gxf5 96. Rb7 Kf4 97. Rb4+ Kg3 98. Rb5 Kf4 99. Kf2 Bg3+
100. Kg2 Be1 101. Rb1 Bd2 102. Ra1 Be3 103. Ra4+ Kg5 104. Kg3 f4+ 105. Kh3 Kf5
106. Ra5+ Ke6 107. Kg4 Kf6 108. Rb5 Ke6 109. Ra5 Kf6 110. Ra6+ Ke5 111. Ra8 Kf6
112. Kh5 Kf5 113. Rf8+ Ke5 114. Kg5 Bd2 115. Re8+ Kd4 116. Rd8+ 1-0

[Event "PRO League Group Stage"]
[Site "chess.com INT"]
[Date "2020.01.23"]
[Round "3"]
[White "Gokerkan, Cem Kaan"]
[Black "Tica, Sven"]
[Result "1-0"]
[WhiteTitle "IM"]
[BlackTitle "IM"]
[WhiteElo "2458"]
[BlackElo "2398"]
[WhiteTeam "Turkey Knights"]
[BlackTeam "Croatia Bulldogs"]
[WhiteFideId "6336760"]
[BlackFideId "14526948"]
[EventDate "2020.01.06"]

1. e4 c5 2. Nf3 Nf6 3. Nc3 d5 4. exd5 Nxd5 5. Bb5+ Bd7 6. Ne5 Nf6 7. Nxd7 Nbxd7
8. d4 a6 9. Be2 cxd4 10. Qxd4 e6 11. O-O Nc5 12. Qh4 Be7 13. Rd1 Qb6 14. Qg3
Nce4 15. Nxe4 Nxe4 16. Qe3 Qxe3 17. Bxe3 Bc5 18. Bf3 Bxe3 19. Bxe4 Bc5 20. Bxb7
Ra7 21. Bf3 Ke7 22. c3 a5 23. Rd2 Rd8 24. Rxd8 Kxd8 25. Rd1+ Kc7 26. Kf1 a4 27.
a3 Ra6 28. Rd2 Bd6 29. g3 Ra5 30. Bd1 h5 31. h4 g6 32. Ke2 Re5+ 33. Kd3 Rd5+ 34.
Kc2 Rb5 35. Rd4 Rf5 36. f4 e5 37. Rd5 exf4 38. Rxf5 gxf5 39. gxf4 Bxf4 40. Bxh5
Bg3 41. Bxf7 Bxh4 42. Be8 Kb6 43. Bxa4 f4 44. Bd7 f3 45. Bh3 f2 46. b4 Bf6 47.
Kb3 Be5 48. a4 Bf6 49. Bf1 Be5 50. a5+ Kb7 51. c4 Bd4 52. c5 Be3 53. Kc4 Bd2 54.
Bg2+ Ka7 55. Kb5 Bc3 56. Ka4 Bd4 57. c6 Kb8 58. b5 Kc7 59. Kb4 Be3 60. Kc4 Bd2
61. b6+ Kc8 62. Kb5 1-0

[Event "PRO League Group Stage"]
[Site "chess.com INT"]
[Date "2020.01.23"]
[Round "3"]
[White "Wang, Yue"]
[Black "Rodshtein, Maxim"]
[Result "1-0"]
[WhiteTitle "GM"]
[BlackTitle "GM"]
[WhiteElo "2669"]
[BlackElo "2628"]
[WhiteTeam "China Pandas"]
[BlackTeam "Israel Counsellors"]
[WhiteFideId "8601429"]
[BlackFideId "2806851"]
[EventDate "2020.01.06"]

1. d4 Nf6 2. c4 e6 3. Nf3 d5 4. g3 Bb4+ 5. Bd2 Be7 6. Bg2 c6 7. Qc2 Nbd7 8. O-O
O-O 9. Bf4 Ne4 10. Nc3 g5 11. Bc1 f5 12. b3 Rf7 13. Bb2 Bd6 14. Nxe4 fxe4 15.
Ne5 Nxe5 16. dxe5 Bc7 17. f3 exf3 18. exf3 Bd7 19. f4 gxf4 20. gxf4 Qh4 21. Kh1
Raf8 22. cxd5 exd5 23. Rg1 Bg4 24. Bf3 Rxf4 25. Bxg4 Rf2 26. Bh3+ Kh8 27. Qc3
R8f3 28. Qxf3 Rxf3 29. e6+ d4 30. Rg4 Qh5 31. Rag1 Rf8 32. e7 Re8 33. Rg5 Qf3+
34. Bg2 Qf4 35. Rg3 c5 36. Bd5 Qxg3 37. hxg3 b6 38. Re1 Bxg3 39. Re4 Bd6 40.
Rxd4 Be5 41. Re4 1-0

[Event "PRO League Group Stage"]
[Site "chess.com INT"]
[Date "2020.01.23"]
[Round "3"]
[White "Fridman, Daniel"]
[Black "Zhao, Jun"]
[Result "1-0"]
[WhiteTitle "GM"]
[BlackTitle "GM"]
[WhiteElo "2622"]
[BlackElo "2638"]
[WhiteTeam "Israel Counsellors"]
[BlackTeam "China Pandas"]
[WhiteFideId "11600454"]
[BlackFideId "8602522"]
[EventDate "2020.01.06"]

1. d4 Nf6 2. Nf3 e6 3. c4 b6 4. g3 Bb7 5. Bg2 Be7 6. O-O O-O 7. Re1 d6 8. Nc3
Ne4 9. Qc2 f5 10. Nd2 d5 11. Nf3 Nd7 12. Bf4 c6 13. Rad1 Nxc3 14. Qxc3 Nf6 15.
Ne5 Ne4 16. Qc2 Bb4 17. Rf1 Bd6 18. Qa4 Qe8 19. f3 Nf6 20. Nd3 Bxf4 21. Nxf4 c5
22. Qxe8 Rfxe8 23. dxc5 dxc4 24. Rd6 e5 25. Ne6 Rec8 26. Bh3 g6 27. e4 bxc5 28.
exf5 Rc6 29. Rfd1 Rxd6 30. Rxd6 Bxf3 31. fxg6 hxg6 32. Ng5 Rf8 33. Nxf3 Ne4 34.
Rxg6+ Kh7 35. Rg4 1-0

[Event "PRO League Group Stage"]
[Site "chess.com INT"]
[Date "2020.01.23"]
[Round "3"]
[White "Steinberg, Nitzan"]
[Black "Bai, Jinshi"]
[Result "1-0"]
[WhiteTitle "GM"]
[BlackTitle "GM"]
[WhiteElo "2542"]
[BlackElo "2618"]
[WhiteTeam "Israel Counsellors"]
[BlackTeam "China Pandas"]
[WhiteFideId "2801795"]
[BlackFideId "8602280"]
[EventDate "2020.01.06"]

1. e4 e5 2. Nf3 Nf6 3. Nxe5 d6 4. Nf3 Nxe4 5. d3 Nf6 6. d4 d5 7. Bd3 Bd6 8. O-O
O-O 9. h3 Nbd7 10. Nc3 c6 11. Re1 Qe8 12. Rxe8 1-0

[Event "PRO League Group Stage"]
[Site "chess.com INT"]
[Date "2020.01.23"]
[Round "3"]
[White "Gledura, Benjamin"]
[Black "Sethuraman, S.P."]
[Result "1/2-1/2"]
[WhiteTitle "GM"]
[BlackTitle "GM"]
[WhiteElo "2626"]
[BlackElo "2638"]
[WhiteTeam "Hungary Hunters"]
[BlackTeam "India Yogis"]
[WhiteFideId "712779"]
[BlackFideId "5021596"]
[EventDate "2020.01.06"]

1. d4 Nf6 2. c4 e6 3. Nf3 d5 4. g3 dxc4 5. Bg2 a6 6. O-O Nc6 7. Be3 Nd5 8. Bg5
f6 9. Bd2 Nb6 10. Bc3 Bd6 11. Nbd2 O-O 12. e4 Qe7 13. Qe2 e5 14. d5 Nd8 15. a4
a5 16. Nxc4 Nxc4 17. Qxc4 b6 18. Rfc1 Ba6 19. Qb3 Nb7 20. Qc2 Nc5 21. Bf1 Bc8
22. b4 axb4 23. Bxb4 f5 24. Nd2 fxe4 25. Bg2 Bf5 26. Qc4 e3 27. fxe3 Bd3 28. Qg4
e4 29. Kh1 Rf2 30. Bxc5 Bxc5 31. Nxe4 Rxg2 32. Nxc5 Be2 33. Qe6+ Qxe6 34. Nxe6
Bf3 35. Ng5 Rxg3+ 36. Nxf3 Rxf3 37. Rxc7 Rxe3 38. Rg1 g6 39. Rb1 Rd3 40. Rxb6
Rxd5 41. Rbb7 Rh5 42. Kg2 Rf8 43. Rb5 Rxb5 44. axb5 Rb8 45. Rc5 Kf7 46. Kf3 Ke6
47. Ke4 Kd6 48. Kd4 Rf8 49. Rc6+ Kd7 50. Ra6 Kc7 51. Kc5 Rf5+ 52. Kb4 Kb7 53.
Re6 Rf1 54. h4 Rg1 55. Kc5 Rc1+ 56. Kd5 Rh1 57. Re7+ Kb6 58. Rxh7 Kxb5 59. Ke6
Kc5 60. Kf6 Rg1 61. Rc7+ Kd5 62. Rd7+ Ke4 63. Ra7 Rg4 64. Ra4+ Kf3 65. Rxg4 Kxg4
66. Kxg6 Kxh4 1/2-1/2

[Event "PRO League Group Stage"]
[Site "chess.com INT"]
[Date "2020.01.23"]
[Round "3"]
[White "Banusz, Tamas"]
[Black "Gupta, Abhijeet"]
[Result "0-1"]
[WhiteTitle "GM"]
[BlackTitle "GM"]
[WhiteElo "2620"]
[BlackElo "2603"]
[WhiteTeam "Hungary Hunters"]
[BlackTeam "India Yogis"]
[WhiteFideId "722413"]
[BlackFideId "5010608"]
[EventDate "2020.01.06"]

1. d4 Nf6 2. Nf3 g6 3. g3 Bg7 4. Bg2 d5 5. O-O O-O 6. c4 c6 7. Qb3 a5 8. cxd5 a4
9. Qd1 cxd5 10. Nc3 Ne4 11. Nd2 Nxc3 12. bxc3 e5 13. e3 Nc6 14. Rb1 Qa5 15. Ba3
Rd8 16. Qc1 b5 17. c4 bxc4 18. Nxc4 dxc4 19. Bxc6 Bh3 20. Bxa8 Qxa8 21. f3 exd4
22. Qxc4 Bxf1 23. Rxf1 dxe3 24. Bb4 Rd4 25. Qc5 h5 26. Bc3 e2 27. Re1 Rd1 28.
Kf2 Rd3 29. Bxg7 Qxf3+ 30. Kg1 Kxg7 31. Qe5+ Kh7 32. Qxe2 Qxe2 33. Rxe2 Kg7 34.
Kf2 a3 35. Ke1 h4 36. Kf2 hxg3+ 37. hxg3 f5 38. Kg2 Kf6 39. Kh3 Kg5 40. Rf2 Kf6
41. Kh4 g5+ 42. Kh5 Rd8 0-1

[Event "PRO League Group Stage"]
[Site "chess.com INT"]
[Date "2020.01.23"]
[Round "3"]
[White "Aravindh, Chithambaram VR."]
[Black "Erdos, Viktor"]
[Result "1/2-1/2"]
[WhiteTitle "GM"]
[BlackTitle "GM"]
[WhiteElo "2630"]
[BlackElo "2621"]
[WhiteTeam "India Yogis"]
[BlackTeam "Hungary Hunters"]
[WhiteFideId "5072786"]
[BlackFideId "719978"]
[EventDate "2020.01.06"]

1. e4 c5 2. Nc3 a6 3. d4 cxd4 4. Qxd4 Nc6 5. Qd2 b5 6. g4 Nf6 7. g5 b4 8. Nd5
Nxe4 9. Qe2 Nc5 10. Bf4 Ne6 11. Be3 Qa5 12. Bg2 b3+ 13. c3 Ncd4 14. Bxd4 Nxd4
15. Qe5 Qxa2 16. Nc7+ Kd8 17. Rxa2 bxa2 18. Ne6+ Ke8 19. Nc7+ Kd8 20. Ne6+ Ke8
21. Nc7+ Kd8 1/2-1/2

[Event "PRO League Group Stage"]
[Site "chess.com INT"]
[Date "2020.01.23"]
[Round "3"]
[White "Gopal, G.N."]
[Black "Markus, Robert"]
[Result "0-1"]
[WhiteTitle "GM"]
[BlackTitle "GM"]
[WhiteElo "2593"]
[BlackElo "2599"]
[WhiteTeam "India Yogis"]
[BlackTeam "Hungary Hunters"]
[WhiteFideId "5015693"]
[BlackFideId "921637"]
[EventDate "2020.01.06"]

1. e4 Nc6 2. Nf3 d6 3. d4 Nf6 4. Nc3 g6 5. Bb5 a6 6. Bxc6+ bxc6 7. h3 Bg7 8. O-O
O-O 9. Re1 Nd7 10. Bf4 f6 11. Qd2 e5 12. Bh6 Bxh6 13. Qxh6 c5 14. dxe5 Nxe5 15.
Nxe5 fxe5 16. Qe3 Be6 17. Rad1 Qe7 18. b3 Qg7 19. a3 a5 20. Nd5 Rf7 21. Rf1 g5
22. f3 h6 23. a4 Rb8 24. Qd2 Bxd5 25. Qxd5 Kh7 26. Qc4 Qf8 27. Rd2 Kg7 28. Rfd1
Qc8 29. Kh2 Rb4 30. Qe2 Qa8 31. Rd5 Rb8 32. h4 Rh8 33. Qe3 Rf4 34. g3 Rf6 35.
R5d2 Qe8 36. g4 Rf4 37. Kg2 h5 38. Rh1 hxg4 39. fxg4 Qe6 40. Rf2 Qxg4+ 41. Kf1
Qd1+ 42. Qe1 Qxe1+ 43. Kxe1 Rxf2 44. Kxf2 Rxh4 45. Rxh4 gxh4 46. c3 Kf6 47. b4
cxb4 48. cxb4 axb4 49. a5 b3 50. a6 b2 51. a7 b1=Q 52. a8=Q Qc2+ 53. Kf3 Qd1+
54. Kf2 Kg5 55. Qd8+ Kf4 56. Qxh4+ Qg4 57. Qd8 Kxe4 58. Qxc7 Qf3+ 59. Ke1 d5 60.
Qa5 Qe3+ 61. Kd1 Qd3+ 62. Ke1 Kf3 63. Qa2 Qd4 64. Qe2+ Kg3 65. Qh5 Qe3+ 66. Kd1
Qf3+ 67. Qxf3+ Kxf3 68. Kd2 e4 69. Kd1 Kf2 70. Kd2 e3+ 0-1

[Event "PRO League Group Stage"]
[Site "chess.com INT"]
[Date "2020.01.23"]
[Round "3"]
[White "Sargsyan, Shant"]
[Black "Nepomniachtchi, Ian"]
[Result "1-0"]
[WhiteTitle "GM"]
[BlackTitle "GM"]
[WhiteElo "2601"]
[BlackElo "2774"]
[WhiteTeam "Armenia Eagles"]
[BlackTeam "Russia Wizards"]
[WhiteFideId "13306766"]
[BlackFideId "4168119"]
[EventDate "2020.01.06"]

1. Nf3 Nf6 2. c4 c5 3. d4 cxd4 4. Nxd4 Nc6 5. Nc3 e6 6. Bg5 Be7 7. e3 O-O 8. Be2
b6 9. Ndb5 Ne8 10. Bxe7 Qxe7 11. O-O Bb7 12. Qd2 Rd8 13. Rfd1 d6 14. Rac1 a6 15.
Nd4 Nf6 16. f3 Ne5 17. Na4 Qc7 18. b4 h5 19. e4 h4 20. Qe3 h3 21. g3 Rfe8 22.
Bf1 Qb8 23. Qf2 Ba8 24. Bxh3 Nxc4 25. Rxc4 b5 26. Nc6 Bxc6 27. Rxc6 bxa4 28. Qb6
d5 29. Qxb8 Rxb8 30. exd5 exd5 31. Rxa6 Rxb4 32. Bf1 Re3 33. Bd3 Kf8 34. Kf2 Re6
35. Ra8+ Re8 36. Rxe8+ Kxe8 37. Rb1 Rxb1 38. Bxb1 Ke7 39. a3 Nd7 40. Bc2 Nb6 41.
h4 Nc4 42. Bxa4 Nxa3 43. Bb3 Kd6 44. g4 Nb5 45. h5 Nd4 46. g5 Nf5 47. Bc2 Ke5
48. Bxf5 Kxf5 49. f4 Ke6 50. Ke3 Ke7 51. Kd4 Kf8 52. Kxd5 Kg8 53. Kd6 Kh7 54.
Ke7 f5 55. gxf6 1-0

[Event "PRO League Group Stage"]
[Site "chess.com INT"]
[Date "2020.01.23"]
[Round "3"]
[White "Petrosian, Tigran L."]
[Black "Tomashevsky, Evgeny"]
[Result "1/2-1/2"]
[WhiteTitle "GM"]
[BlackTitle "GM"]
[WhiteElo "2601"]
[BlackElo "2705"]
[WhiteTeam "Armenia Eagles"]
[BlackTeam "Russia Wizards"]
[WhiteFideId "13301616"]
[BlackFideId "4147235"]
[EventDate "2020.01.06"]

1. Nf3 d5 2. g3 c6 3. Bg2 Bg4 4. c4 e6 5. cxd5 Bxf3 6. Bxf3 cxd5 7. O-O Nc6 8.
Nc3 Bd6 9. a3 Nf6 10. b4 O-O 11. Bg2 Rc8 12. Bb2 Be5 13. Rc1 Qe7 14. d3 a5 15.
bxa5 Ra8 16. e3 Rxa5 17. d4 Bd6 18. a4 Ba3 19. Qb3 Bxb2 20. Qxb2 Ne8 21. e4 dxe4
22. Bxe4 Nf6 23. Bxc6 bxc6 24. Qb6 Qa7 25. Qxc6 Qxd4 26. Rfd1 Qe5 27. Qd6 Qxd6
28. Rxd6 Rc8 29. Rcd1 Raa8 30. R1d3 h5 31. Kg2 g6 32. R6d4 Kg7 33. Rf3 g5 34. h3
Ra5 35. Nb5 Rca8 36. Nc3 Nd5 37. Nxd5 exd5 38. h4 Rxa4 39. Rxd5 gxh4 40. Rg5+
Kf8 41. Rxh5 hxg3 42. Rh8+ Ke7 43. Rxa8 Rxa8 1/2-1/2

[Event "PRO League Group Stage"]
[Site "chess.com INT"]
[Date "2020.01.23"]
[Round "3"]
[White "Savchenko, Boris"]
[Black "Martirosyan, Haik M."]
[Result "0-1"]
[WhiteTitle "GM"]
[BlackTitle "GM"]
[WhiteElo "2573"]
[BlackElo "2613"]
[WhiteTeam "Russia Wizards"]
[BlackTeam "Armenia Eagles"]
[WhiteFideId "4147332"]
[BlackFideId "13306553"]
[EventDate "2020.01.06"]

1. e4 c6 2. d4 d5 3. f3 e6 4. Nc3 Nd7 5. Be3 b5 6. exd5 exd5 7. Bd3 Be7 8. Nh3
Ngf6 9. Qd2 Nb6 10. Nf2 a5 11. b3 O-O 12. Ne2 Re8 13. O-O a4 14. Ng3 b4 15. Nf5
Bxf5 16. Bxf5 g6 17. Bh3 Nbd7 18. Nd3 Qb6 19. Bf2 Bd6 20. Rfe1 Rxe1+ 21. Rxe1
axb3 22. cxb3 Qa6 23. Re2 Qb5 24. Qc2 Nf8 25. g3 Re8 26. Rxe8 Nxe8 27. Bf1 Qb6
28. Ne5 Bxe5 29. dxe5 Qb7 30. f4 Ng7 31. Qc5 Nfe6 32. Qa7 Qxa7 33. Bxa7 Nf5 34.
Kf2 h5 35. h3 h4 36. g4 Ng3 37. Ba6 Nxf4 38. Kf3 Nxh3 39. Bc5 Ng5+ 40. Kg2 N3e4
41. Bxb4 c5 42. Ba5 d4 43. Bd8 h3+ 44. Kh2 Ne6 45. Be7 Nf4 46. Bb7 Nf2 47. Kg3
d3 48. Bxc5 d2 49. Bf3 Ne4+ 50. Kxf4 h2 51. Kxe4 h1=Q 52. Bxh1 d1=Q 53. Bf3 Qc2+ 0-1

[Event "PRO League Group Stage"]
[Site "chess.com INT"]
[Date "2020.01.23"]
[Round "3"]
[White "Tsydypov, Zhamsaran"]
[Black "Andriasian, Zaven"]
[Result "0-1"]
[WhiteTitle "GM"]
[BlackTitle "GM"]
[WhiteElo "2553"]
[BlackElo "2611"]
[WhiteTeam "Russia Wizards"]
[BlackTeam "Armenia Eagles"]
[WhiteFideId "4108566"]
[BlackFideId "13302000"]
[EventDate "2020.01.06"]

1. e4 e5 2. Nf3 Nc6 3. Bb5 a6 4. Ba4 d6 5. c3 Bd7 6. d4 g6 7. Be3 Bg7 8. d5 Nce7
9. Bxd7+ Qxd7 10. Nfd2 f5 11. f3 Nf6 12. O-O O-O 13. c4 b5 14. Nc3 b4 15. Ne2 c6
16. h3 c5 17. a3 f4 18. Bf2 a5 19. axb4 axb4 20. Bh4 h6 21. Bxf6 Bxf6 22. Nb3
Bh4 23. Qc2 h5 24. Rxa8 Rxa8 25. Ra1 Rxa1+ 26. Nxa1 Qa7 27. Nb3 Nc8 28. Nbc1 Nb6
29. b3 Qa3 30. Qa2 Qxa2 31. Nxa2 Nd7 32. Nac1 Kh7 33. Nd3 Nf6 34. Kf1 Ng8 35. g3
Bxg3 36. Nxg3 fxg3 37. h4 g5 38. hxg5 Kg6 39. f4 exf4 40. e5 Kxg5 41. exd6 Nf6
42. Nxc5 f3 43. d7 Nxd7 44. Nxd7 Kf4 45. Nf6 h4 46. d6 h3 47. Nh5+ Kg4 48. Nf6+
Kh4 0-1

[Event "PRO League Group Stage"]
[Site "chess.com INT"]
[Date "2020.01.23"]
[Round "3"]
[White "Nepomniachtchi, Ian"]
[Black "Petrosian, Tigran L."]
[Result "1-0"]
[WhiteTitle "GM"]
[BlackTitle "GM"]
[WhiteElo "2774"]
[BlackElo "2601"]
[WhiteTeam "Russia Wizards"]
[BlackTeam "Armenia Eagles"]
[WhiteFideId "4168119"]
[BlackFideId "13301616"]
[EventDate "2020.01.06"]

1. e4 c6 2. Nf3 d5 3. d3 dxe4 4. dxe4 Qxd1+ 5. Kxd1 Nd7 6. Nfd2 e5 7. Nc4 Bc5 8.
f3 f6 9. Nbd2 Be7 10. a4 Nh6 11. a5 Nf7 12. c3 Nc5 13. b4 Ne6 14. Kc2 h5 15. h4
g6 16. Nb3 Nd6 17. Be3 Nc7 18. Nxd6+ Bxd6 19. Rd1 Ke7 20. Nd2 Be6 21. Nc4 Bxc4
22. Bxc4 Ne6 23. Rd2 Bc7 24. g4 a6 25. Rg1 Rad8 26. gxh5 Rxd2+ 27. Bxd2 gxh5 28.
Bxe6 Kxe6 29. Rg7 Rc8 30. Be3 Bd6 31. Rxb7 Rg8 32. Rb6 Kd7 33. Rxa6 Rg3 34. Ra7+
Kc8 35. a6 Rxf3 36. Rh7 1-0

[Event "PRO League Group Stage"]
[Site "chess.com INT"]
[Date "2020.01.23"]
[Round "3"]
[White "Tomashevsky, Evgeny"]
[Black "Sargsyan, Shant"]
[Result "1/2-1/2"]
[WhiteTitle "GM"]
[BlackTitle "GM"]
[WhiteElo "2705"]
[BlackElo "2601"]
[WhiteTeam "Russia Wizards"]
[BlackTeam "Armenia Eagles"]
[WhiteFideId "4147235"]
[BlackFideId "13306766"]
[EventDate "2020.01.06"]

1. d4 Nf6 2. c4 e6 3. Nf3 d6 4. Nc3 b6 5. e4 Bb7 6. Bd3 g6 7. O-O Bg7 8. Re1 O-O
9. h3 c5 10. d5 Nbd7 11. Be3 a6 12. Qd2 exd5 13. exd5 b5 14. b3 b4 15. Ne2 Re8
16. Ng3 Ne5 17. Nxe5 Rxe5 18. Bh6 Rxe1+ 19. Rxe1 Bxh6 20. Qxh6 Qf8 21. Qg5 Re8
22. Rxe8 Nxe8 23. Qd8 f5 24. f4 Nf6 25. Qxf8+ Kxf8 26. Kf2 Bc8 27. Be2 a5 28.
Bf3 Bd7 29. Nf1 a4 30. Nd2 axb3 31. axb3 Kg7 32. h4 h6 33. g3 Nh7 34. Nf1 Kf6
35. Ne3 1/2-1/2

[Event "PRO League Group Stage"]
[Site "chess.com INT"]
[Date "2020.01.23"]
[Round "3"]
[White "Andriasian, Zaven"]
[Black "Savchenko, Boris"]
[Result "1-0"]
[WhiteTitle "GM"]
[BlackTitle "GM"]
[WhiteElo "2611"]
[BlackElo "2573"]
[WhiteTeam "Armenia Eagles"]
[BlackTeam "Russia Wizards"]
[WhiteFideId "13302000"]
[BlackFideId "4147332"]
[EventDate "2020.01.06"]

1. e4 c5 2. Nf3 e6 3. d4 cxd4 4. Nxd4 Nf6 5. Nc3 d6 6. g4 h6 7. f3 a6 8. Be3
Nbd7 9. Qd2 b5 10. O-O-O b4 11. Nce2 d5 12. exd5 Nxd5 13. Nf4 N7f6 14. Bc4 Nxe3
15. Qxe3 Bc5 16. Qe5 Bxd4 17. Rxd4 Qb6 18. Nd5 Nxd5 19. Bxd5 f6 20. Qh5+ Ke7 21.
Re4 Rb8 22. Qg6 Rg8 23. Rhe1 Qd6 24. Bxe6 Bxe6 25. Qf5 Rb6 26. Rxe6+ Qxe6 27.
Qc5+ Rd6 28. Rxe6+ Kxe6 29. Qc4+ Rd5 30. Qxa6+ Ke5 31. Qc4 Rgd8 32. Qe4+ Kd6 33.
Qxb4+ Ke6 34. b3 f5 35. a4 Rd4 36. Qb6+ R8d6 37. gxf5+ Kxf5 38. Qc5+ Kf4 39. a5
g5 40. a6 Rd1+ 41. Kb2 Kxf3 42. a7 1-0

[Event "PRO League Group Stage"]
[Site "chess.com INT"]
[Date "2020.01.23"]
[Round "3"]
[White "Martirosyan, Haik M."]
[Black "Tsydypov, Zhamsaran"]
[Result "1-0"]
[WhiteTitle "GM"]
[BlackTitle "GM"]
[WhiteElo "2613"]
[BlackElo "2553"]
[WhiteTeam "Armenia Eagles"]
[BlackTeam "Russia Wizards"]
[WhiteFideId "13306553"]
[BlackFideId "4108566"]
[EventDate "2020.01.06"]

1. d4 Nf6 2. Nf3 g6 3. Nc3 d5 4. Bf4 c6 5. e3 Bg7 6. h3 O-O 7. Be2 Nbd7 8. O-O
b6 9. a4 a5 10. Ne5 Bb7 11. Qd2 Nxe5 12. Bxe5 Ne8 13. Bxg7 Nxg7 14. Rfd1 Qc7 15.
e4 dxe4 16. Nxe4 Rad8 17. Bc4 Nf5 18. c3 c5 19. d5 Qe5 20. Re1 Bxd5 21. Bxd5
Qxd5 22. Qe2 c4 23. Qg4 Qc6 24. h4 Rd3 25. h5 Rfd8 26. Qf4 f6 27. Re2 e5 28. Qg4
Nh6 29. Qh4 g5 30. Nxg5 fxg5 31. Qxg5+ Kf7 32. Qxe5 Rd1+ 33. Re1 Rxa1 34. Qe7+ 1-0

[Event "PRO League Group Stage"]
[Site "chess.com INT"]
[Date "2020.01.23"]
[Round "3"]
[White "Martirosyan, Haik M."]
[Black "Nepomniachtchi, Ian"]
[Result "0-1"]
[WhiteTitle "GM"]
[BlackTitle "GM"]
[WhiteElo "2613"]
[BlackElo "2774"]
[WhiteTeam "Armenia Eagles"]
[BlackTeam "Russia Wizards"]
[WhiteFideId "13306553"]
[BlackFideId "4168119"]
[EventDate "2020.01.06"]

1. d4 Nf6 2. Nf3 g6 3. Nc3 Bg7 4. e4 d6 5. h3 a6 6. Be3 b5 7. Bd3 Bb7 8. a3 e6
9. O-O Nbd7 10. b4 O-O 11. Re1 c5 12. bxc5 dxc5 13. e5 cxd4 14. Bxd4 Nd5 15. Be4
Nxc3 16. Bxc3 Bxe4 17. Rxe4 Qc7 18. Bd4 Rac8 19. c3 Nb6 20. h4 Nd5 21. Rc1 Qa5
22. Qd2 Qxa3 23. h5 Rfd8 24. Ree1 Qf8 25. hxg6 hxg6 26. Qa2 Rc6 27. c4 Rdc8 28.
c5 Ne7 29. g4 Nd5 30. Re4 Qd8 31. Kg2 a5 32. Rh1 b4 33. g5 Nc3 34. Bxc3 bxc3 35.
Nd4 Qxg5+ 36. Kf1 Rxc5 37. Nxe6 c2 38. Nxg5 c1=Q+ 39. Re1 Qxg5 40. e6 Qd5 41.
Qxd5 Rxd5 42. e7 Re8 43. Rh8+ Bxh8 0-1

[Event "PRO League Group Stage"]
[Site "chess.com INT"]
[Date "2020.01.23"]
[Round "3"]
[White "Andriasian, Zaven"]
[Black "Tomashevsky, Evgeny"]
[Result "1/2-1/2"]
[WhiteTitle "GM"]
[BlackTitle "GM"]
[WhiteElo "2611"]
[BlackElo "2705"]
[WhiteTeam "Armenia Eagles"]
[BlackTeam "Russia Wizards"]
[WhiteFideId "13302000"]
[BlackFideId "4147235"]
[EventDate "2020.01.06"]

1. e4 e5 2. Nf3 Nc6 3. Bb5 Nf6 4. O-O Nxe4 5. Re1 Nd6 6. Nxe5 Be7 7. Bf1 Nxe5 8.
Rxe5 O-O 9. d4 Bf6 10. Re1 Re8 11. Rxe8+ Nxe8 12. c3 d5 13. Bf4 c6 14. Nd2 g6
15. Bd3 Ng7 16. Nf3 1/2-1/2

[Event "PRO League Group Stage"]
[Site "chess.com INT"]
[Date "2020.01.23"]
[Round "3"]
[White "Savchenko, Boris"]
[Black "Sargsyan, Shant"]
[Result "0-1"]
[WhiteTitle "GM"]
[BlackTitle "GM"]
[WhiteElo "2573"]
[BlackElo "2601"]
[WhiteTeam "Russia Wizards"]
[BlackTeam "Armenia Eagles"]
[WhiteFideId "4147332"]
[BlackFideId "13306766"]
[EventDate "2020.01.06"]

1. e4 e5 2. Nf3 Nc6 3. Bc4 Bc5 4. d3 Nf6 5. c3 d6 6. Nbd2 a5 7. Nf1 Ne7 8. Bb3
Ng6 9. Ng3 h6 10. O-O O-O 11. h3 c6 12. d4 Bb6 13. Be3 Bc7 14. c4 Re8 15. Bc2
exd4 16. Qxd4 Ne5 17. Nxe5 dxe5 18. Qc3 Qe7 19. c5 Be6 20. b3 Red8 21. a3 Nd7
22. b4 axb4 23. axb4 Nf8 24. Rfb1 Qd7 25. Rxa8 Rxa8 26. Rd1 Qe7 27. Nf5 Bxf5 28.
exf5 Nh7 29. b5 cxb5 30. Qb3 Nf6 31. Qxb5 e4 32. Bb3 Be5 33. Qc4 Rc8 34. g3 Qc7
35. Kg2 Ra8 36. Rd2 Rf8 37. Ra2 Qd7 38. g4 Bb8 39. Ra8 Qc7 40. Kf1 Qh2 41. Ke1
Kh7 42. Kd2 Qxh3 43. Kc2 Qxg4 44. Qb5 Rd8 45. Kb1 Qg1+ 46. Bc1 e3 47. fxe3 Ne4
48. Qxb7 Nd2+ 49. Ka2 Nxb3 50. Bb2 Nc1+ 51. Ka3 Qxe3+ 52. Ka4 Nd3 0-1